Statistics for Most Spoken Languages in the World

Click here to take the quiz!

General Stats

  • This quiz has been taken 58 times
  • The average score is 16 of 30

Answer Stats

Amount of speakers (Million)Answer% Correct
379English
100%
480Spanish
96%
77.2French
94%
918Mandarin
94%
221Portuguese
92%
154Russian
92%
76.1German
88%
341Hindi
82%
128Japanese
80%
77.3Korean
72%
228Bengali
70%
79.4Turkish
70%
64.8Italian
68%
76Vietnamese
58%
68.6Urdu
56%
92.7Western Punjabi
54%
75Tamil
52%
81.4Wu
42%
68.3Javanese
40%
56.4Gujarati
38%
83.1Marathi
30%
50.1Min Nan
26%
64.6Egyptian Arabic
24%
82Telugu
24%
43.9Hausa
12%
52.8Iranian Persian
12%
48.2Hakka
10%
73.1Yue
10%
46.9Jin
4%
52.2Bhojpuri
0%

Score Distribution

Percentile by Number Answered

Percent of People with Each Score

Your Score History

You have not taken this quiz